000 01120nam a22003257a 4500
001 7563
003 FISKH
005 20250724102153.0
008 250724b cb ||||| |||| 00| 0 eng d
020 _a9781869610807
040 _aFISKH
_beng
_cFISKH
_dFISKH
050 _aPZ7
082 _a428.6
100 _aGiles, Jenny
245 _aTwo little goldenfish /
_cStory by Jenny Giles : Illustrated by Xiangyi Mo and Jingwen Wang
250 _aThis edition first published in New Zealand in 1997
260 _aWellington :
_bNelson Price Milburn Ltd ,
_c1997.
300 _a16 pages :
_bcolor illustrations ;
_c21 cm .
505 _aJ
520 _aSpeedy and Zip are fish that like to swim together in the tank in the pet shop but when Speedy is bought and taken to a new home he has no one to swim with'
521 8 _a500
_bLexile estimate
521 8 _aJ
_bRaz-Plus
650 _aClass set
_vFiction
650 _aFish
_vFiction
650 _aPets
_vFiction
700 _aMo, Xiangyi
_eIllustrator
700 _aWang, Jingwen
_eIllustrator
942 _2ddc
_cBK
_n0
999 _c7563
_d7563